01014nam a22002057a 450000500170000000800410001704000250005804100080008304400070009110000310009824503230012926001020045230000420055450000620059665000450065865000350070365000240073865000240076270000220078620200104041620.0131112b2004 ck ||||| |||| 00| 0 spa d aCO-BoIAVHcCO-BoIAVH aspa ack1 aHerrera-Avendaño, Ferney1 aEvaluación de eventos fenomenológicos en 10 especies pioneras arbóreas, evaluación de rebrotes en estacones y recolección de especies amenazadas, raras y útiles dentro del establecimiento del corredor de conexión Barbas-Bremen en Filandia QuindiocFerney Herrera Avendaño y Emanuel Andrés Ruiz Molina aArmeniabInstituto de Investigación de Recursos Biológicos Alexander von HumboldtbSENAc2004 a82 p.bil. tablas, gráficasc28 cm. aInforme final Pasantía Gestión de Recursos Naturales  aFlorazBarbas-BremenzFilandia (Quindio) aEspecies arbóreas forestales aEspecies forestales aEspecies amenazadas aVargas, Wiliam G.